{"text_format":"3","workbook":"xls","n_sheets":1,"sheets":["dm trúng thầu"],"not_rendered":{"external_links":1,"defined_names":2},"read":"whole","date_system":"1900","formulas":"cached_only"}

{"sheet":"dm trúng thầu","index":0,"n_rows":111,"n_cols":25,"rows_kept":111,"merged":[[0,0,0,16],[1,0,1,16],[2,0,2,16],[18,0,18,5],[18,12,18,13],[110,6,110,14]],"flags":["formulas_cached_only"]}
["DANH MỤC TRÚNG THẦU GÓI THẦU SỐ 1: THUỐC GENERIC"]
["(Kèm theo Quyết định số: 907/QĐ-TTYT ngày 05/11/2018)"]
["(Kèm theo Tờ trình ngày 05/11/2018 của Tổ chuyên gia)"]
[{"$nulls":24},"Hà Nội, ngày     tháng     năm 2018"]
["STT","STT TT40","Tên thuốc","Tên hoạt chất","Nồng độ - Hàm lượng","Quy cách, Dạng bào chế, Đường dùng","Hạn dùng (Tuổi thọ)","SĐK hoặc GPNK","Cơ sở sản xuất","Nước sản xuất","Đơn vị tính","Giá bán buôn kê khai/ kê khai lại\n(Có VAT)","Giá trúng thầu (đồng có VAT)","Số lượng trúng thầu","Thành tiền  (đồng có VAT)","Phân loại","Nhóm thuốc","Văn bản trích dẫn theo công bố của BYT"]
["(1)","(2)","(3)","(4)","(5)","(6)","(7)","(8)","(9)","(10)","(11)","(12)","(12)","(13)","(14)","(16)","(15)","(18)"]
["1. CÔNG TY CỔ PHẦN DƯỢC DANAPHA"]
[1,61,"Colchicin 1mg","Colchicin","1mg","Hộp 1 vỉ x 20 viên. Viên nén. Uống","36 tháng","VD-16781-12. Gia hạn đến 01/08/2019. Số CV  15116/QLD-ĐK","Công ty Cổ phần Dược Danapha ","Việt Nam","Viên",{"v":1100,"d":"1,100 "},{"v":294,"d":"294.0"},{"v":7200,"d":"7,200 "},{"v":2116800,"d":"2,116,800"},"SX","Nhóm 3"]
[2,136,"Garnotal","Phenobarbital","100mg","Hộp 10 vỉ x 10 viên. Viên nén, Uống","36 tháng","VD-24084-16","Công ty Cổ phần Dược Danapha ","Việt Nam","Viên",315,{"v":210,"d":"210.0"},{"v":36000,"d":"36,000 "},{"v":7560000,"d":"7,560,000"},"SX","Nhóm 3"]
[3,137,"Phenytoin 100mg","Phenytoin","100mg","Hộp 1 lọ x 100 viên. Viên nén. Uống","36 tháng","VD-23443-15","Công ty Cổ phần Dược Danapha ","Việt Nam","Viên",{"v":380,"d":"380 "},{"v":294,"d":"294.0"},{"v":12000,"d":"12,000 "},{"v":3528000,"d":"3,528,000"},"SX","Nhóm 3"]
[4,451,"Zentramol","Acid tranexamic","250mg/5ml","Hộp 10 ống x 5ml. Dung dịch tiêm, Tiêm","36 tháng","VD-26684-17","Công ty Cổ phần Dược Danapha ","Việt Nam","Ống",{"v":9450,"d":"9,450"},{"v":2583,"d":"2,583.0"},{"v":150,"d":"150 "},{"v":387450,"d":"387,450"},"SX","Nhóm 3"]
[5,715,"Sorbitol","Sorbitol","5g","Hộp 20 gói x 5g. Thuốc bột pha dung dịch uống","24 tháng","VD-25582-16","Công ty Cổ phần Dược Danapha ","Việt Nam","Gói",{"v":735,"d":"735 "},{"v":420,"d":"420.0"},{"v":2000,"d":"2,000 "},{"v":840000,"d":"840,000"},"SX","Nhóm 3"]
[6,943,"Aminazin 25mg","Clorpromazin HCl ","25mg","Hộp 1 lọ x 500 viên. Viên bao đường. Uống","36 tháng","VD-15328-11 Gia hạn đến 14/11/2018. Số CV 18953/QLD-ĐK","Công ty Cổ phần Dược Danapha ","Việt Nam","Viên",{"v":150,"d":"150 "},{"v":74,"d":"74.0"},{"v":50000,"d":"50,000 "},{"v":3700000,"d":"3,700,000"},"SX","Nhóm 3"]
[7,949,"Haloperidol 1,5 mg","Haloperidol ","1,5 mg","Hộp 1 lọ x 400 viên. Viên nén. Uống","36 tháng","VD-24085-16","Công ty Cổ phần Dược Danapha ","Việt Nam","Viên",{"v":220,"d":"220 "},{"v":90,"d":"90.0"},{"v":30000,"d":"30,000 "},{"v":2700000,"d":"2,700,000"},"SX","Nhóm 3"]
[8,950,"Levomepromazin 25mg ","Levomepromazin","25mg","Hộp 1 lọ x 100 viên. Viên nén bao đường. Uống","36 tháng","VD-24685-16","Công ty Cổ phần Dược Danapha ","Việt Nam","Viên",{"v":900,"d":"900 "},{"v":588,"d":"588.0"},{"v":100000,"d":"100,000 "},{"v":58800000,"d":"58,800,000"},"SX","Nhóm 3"]
[9,953,"Olanxol","Olanzapin","10mg","Hộp 10 vỉ x 10 viên. Viên nén bao phim. Uống","36 tháng","VD-26068-17","Công ty Cổ phần Dược Danapha ","Việt Nam","Viên",{"v":2700,"d":"2,700"},{"v":2310,"d":"2,310.0"},{"v":32000,"d":"32,000 "},{"v":73920000,"d":"73,920,000"},"SX","Nhóm 4","STT 04, đợt 3, ngày 29/01/2013. CV cập nhật 2443/BYT-QLD, ngày 10/05/2017"]
[10,955,"Risdontab 2","Risperidon","2mg","Hộp 5 vỉ x 10 viên. Viên bao phim. Uống","36 tháng","VD-17338-12. Gia hạn đến 14/11/2018. Số CV 18956/QLD-ĐK","Công ty Cổ phần Dược Danapha ","Việt Nam","Viên",{"v":2700,"d":"2,700 "},{"v":2310,"d":"2,310.0"},{"v":9000,"d":"9,000 "},{"v":20790000,"d":"20,790,000"},"SX","Nhóm 4","STT 03, đợt 3, ngày 29/01/2013. CV cập nhật 6101/BYT-QLD, ngày 19/08/2015"]
[11,961,"Amitriptylin 25mg","Amitryptylin HCl","25mg","Hộp 1 lọ x 100 viên. Viên nén bao phim. Uống","36 tháng","VD-17829-12. Gia hạn đến 20/12/2018. CV số 22820/QLD-ĐK","Công ty Cổ phần Dược Danapha ","Việt Nam","Viên",{"v":250,"d":"250 "},{"v":168,"d":"168.0"},{"v":2400,"d":"2,400 "},{"v":403200,"d":"403,200"},"SX","Nhóm 3"]
["Cộng: 12 sản phẩm",{"$nulls":13},{"v":174745450,"d":"174,745,450"},{"$nulls":5},174745450]
["2. CÔNG TY TNHH DƯỢC PHẨM KIM PHÚC"]
[58,"576+80","Phezam","Piracetam + Cinnarizin","400mg + 25mg","Viên nang cứng, vỉ 10 viên, hộp 6 vỉ, uống","36 tháng","VN-15701-12","Balkanpharma - Dupnitsa AD","Bulgaria","viên",{"v":3100,"d":"3,100 "},{"v":2800,"d":"2,800.0"},{"v":15000,"d":"15,000 "},{"v":42000000,"d":"42,000,000"},"KD ","Nhóm 1","STT 48/đợt 43, ngày 09/08/2016"]
["Cộng 01 khoản",{"$nulls":13},{"v":42000000,"d":"42,000,000"},{"$nulls":5},42000000]
["3. CÔNG TY TNHH DƯỢC PHẨM U.N.I VIỆT NAM"]
[1,663,"Gastrolium ","Attapulgite Mormoiron hoạt hóa  + hỗn hợp gel khô nhôm hydroxyde -magnesi carbonat","2,5g + 0,5g","Hộp 30 gói; Bột pha hỗn dịch uống; Uống ","36 tháng","VD-12928-10 \n(Gia hạn đến 26/07/2018), SĐK mới \nVD-29831-18","Sao Kim","Việt Nam","Gói",{"v":2150,"d":"2,150 "},{"v":1995,"d":"1,995.0"},{"v":15000,"d":"15,000 "},{"v":29925000,"d":"29,925,000"},"KD","Nhóm 3"]
["Cộng 01 khoản",{"$nulls":13},{"v":29925000,"d":"29,925,000"},{"$nulls":5},29925000]
["4. Công ty Cổ phần Dược phẩm Thiết bị Y tế Hà Nội"]
[1,680,"BAROLE 10","Rabeprazole sodium","10mg","Hộp 10 vỉ x 10 viên - Viên nang cứng dạng vi nang tan trong ruột - Uống","24 tháng","VN-20563-17","Inventia Healthcare Pvt. Ltd","India","Viên",{"v":1848,"d":"1,848 "},{"v":1600,"d":"1,600.0"},{"v":24000,"d":"24,000 "},{"v":38400000,"d":"38,400,000"},"NK","Nhóm 2","STT4/Đợt 40, Ngày 12/05/2018"]
[2,567,"KALI CLORID KABI 10%","Kali clorid 1g/10ml"," 10% 10ml","Hộp 50 ống x 10ml - Dung dịch tiêm - Tiêm tĩnh mạch","36 tháng","VD-19566-13 công văn số 11437/QLD-ĐK ngày 19/06/2018 về việc duy trì hiệu lực SĐK ","Công ty Cổ phần Fresenius Kabi Việt Nam","VietNam","Ống",{"v":3100,"d":"3,100 "},{"v":2310,"d":"2,310.0"},{"v":110,"d":"110 "},{"v":254100,"d":"254,100"},"KD","Nhóm 3","STT 135, Ngày 15/07/2018"]
[3,1018,"MAGNESI SULFAT KABI 15%","Magnesi sulfat 1,5g/10ml","15%/10ml","Hộp 50 ống x 10ml - Dung dịch tiêm - Tiêm truyền tĩnh mạch","36 tháng","VD-19567-13 kèm công văn số 11437/QLD-ĐK ngay 19/6/2018 V/v duy trì hiệu lực SĐK","Công ty Cổ phần Fresenius Kabi Việt Nam","VietNam","Ống",{"v":2900,"d":"2,900 "},{"v":2415,"d":"2,415.0"},{"v":100,"d":"100 "},{"v":241500,"d":"241,500"},"KD","Nhóm 3","STT 135, Ngày 15/07/2018"]
[4,"801+807","PERGLIM M-2","Glimepiride + Metformin hydrochloride ","2mg + 500mg","Hộp 1 vỉ x 20 viên - Viên nén phóng thích chậm - Uống","24 tháng","VN-20807-17","Inventia Healthcare Pvt. Ltd","India","Viên",{"v":3300,"d":"3,300 "},{"v":3000,"d":"3,000.0"},{"v":40000,"d":"40,000 "},{"v":120000000,"d":"120,000,000"},"NK","Nhóm 4"," STT 42/Đợt 18, Ngày 24/10/2017 "]
[5,807,"PANFOR SR-500","Metformin hydrochloride","500mg","Hộp 5 vỉ x 20 viên - Viên nén phóng thích chậm - Uống","36 tháng","VN-20018-16 ","Inventia Healthcare Pvt. Ltd","India","Viên",{"v":1260,"d":"1,260 "},{"v":1200,"d":"1,200.0"},{"v":60000,"d":"60,000 "},{"v":72000000,"d":"72,000,000"},"NK","Nhóm 2","STT4,/Đợt 40, Ngày 12/05/2018"]
[6,1021,"NATRI CLORID 0.9% 500ML","Natri clorid 0,9g/100ml","0,9% 500ml  ","Chai nhựa 500ml - Dung dịch tiêm truyền - Tiêm truyền tĩnh mạch","36 tháng","VD-21954-14 ","Công ty Cổ phần Fresenius Kabi Việt Nam","VietNam","Chai nhựa PPKB",{"v":10000,"d":"10,000 "},{"v":9975,"d":"9,975.0"},{"v":80,"d":"80 "},{"v":798000,"d":"798,000"},"KD","Nhóm 3","STT 135, Ngày 15/07/2018"]
["Cộng 06 khoản",{"$nulls":13},{"v":231693600,"d":"231,693,600"},{"$nulls":5},{"v":231693600,"d":"231,693,600"}]
["5. Công ty cổ phần Dược Hậu Giang"]
[1,78,"AcezinDHG 5","Alimemazin","5mg","v/25 h/50 viên nén bao phim; uống","36 tháng ","VD-22364-15","CTCP Dược Hậu Giang - CN nhà máy DP DHG tại Hậu Giang","Việt Nam","viên",{"v":158,"d":"158 "},{"v":82,"d":"82.0"},{"v":5400,"d":"5,400 "},{"v":442800,"d":"442,800"},"SX","Nhóm 3"]
[2,154,"Hagimox 250","Amoxicilin","250mg","h/24 gói thuốc bột pha hỗn dịch uống; uống","36 tháng","VD-24013-15","CTCP Dược Hậu Giang - CN nhà máy DP DHG tại Hậu Giang","Việt Nam","gói",{"v":1386,"d":"1,386 "},{"v":536,"d":"536.0"},{"v":3000,"d":"3,000 "},{"v":1608000,"d":"1,608,000"},"SX","Nhóm 3"]
[3,163,"Hapenxin capsules","Cephalexin","500mg","v/10 h/100 viên nang; uống","24 tháng","VD-24611-16","CTCP Dược Hậu Giang - CN nhà máy DP DHG tại Hậu Giang","Việt Nam","viên",{"v":1890,"d":"1,890 "},{"v":670,"d":"670.0"},{"v":16800,"d":"16,800 "},{"v":11256000,"d":"11,256,000"},"SX","Nhóm 3"]
[4,219,"Azithromycin 100  ","Azithromycin "," 100 mg","h/24 gói thuốc bột pha hỗn dịch ; uống","36 tháng ","VD-27557-17","CTCP Dược Hậu Giang - CN nhà máy DP DHG tại Hậu Giang","Việt Nam","gói",{"v":3150,"d":"3,150 "},{"v":1700,"d":"1,700.0"},{"v":6000,"d":"6,000 "},{"v":10200000,"d":"10,200,000"},"SX","Nhóm 3","Stt 15/ Đợt 17\nngày 27/7/2017"]
[5,224,"Rovas 3M","Spiramycin","3 MIU","v/5 h/10 viên nén bao phim; uống","36 tháng ","VD-21785-14","CTCP Dược Hậu Giang - CN nhà máy DP DHG tại Hậu Giang","Việt Nam","viên",{"v":5040,"d":"5,040 "},{"v":2370,"d":"2,370.0"},{"v":6000,"d":"6,000 "},{"v":14220000,"d":"14,220,000"},"SX","Nhóm 3"]
[6,225,"ZidocinDHG ","Spiramycin + Metronidazol ","0,75MUI+ 125mg","v/10 h/20 viên nén bao phim; uống","36 tháng","VD-21559-14","CTCP Dược Hậu Giang - CN nhà máy DP DHG tại Hậu Giang","Việt Nam","viên",{"v":1785,"d":"1,785 "},{"v":709,"d":"709.0"},{"v":14000,"d":"14,000 "},{"v":9926000,"d":"9,926,000"},"SX","Nhóm 3"]
[7,293,"Etoral cream ","Ketoconazol  ","0,1g","h/1 tube kem bôi da","36 tháng","VD-22762-15","CTCP Dược Hậu Giang","Việt Nam","tube",{"v":6300,"d":"6,300 "},{"v":3420,"d":"3,420.0"},{"v":200,"d":"200 "},{"v":684000,"d":"684,000"},"SX","Nhóm 3"]
[8,722,"Hamett","Diosmectite","3g","h/24 gói thuốc bột pha hỗn dịch; uống","36 tháng","VD-20555-14","CTCP Dược Hậu Giang - CN nhà máy DP DHG tại Hậu Giang","Việt Nam","gói",{"v":2310,"d":"2,310 "},{"v":735,"d":"735.0"},{"v":1500,"d":"1,500 "},{"v":1102500,"d":"1,102,500"},"SX","Nhóm 3"]
[9,998,"Mitux ","Acetylcystein","200mg","h/24 gói thuốc bột; uống","36 tháng","VD-20577-14","CTCP Dược Hậu Giang - CN nhà máy DP DHG tại Hậu Giang","Việt Nam","gói",{"v":1680,"d":"1,680 "},{"v":520,"d":"520.0"},{"v":12000,"d":"12,000 "},{"v":6240000,"d":"6,240,000"},"SX","Nhóm 3"]
[10,1061,"Vitamin E 400 IU ","Vitamin E ","400IU","v/10 h/100 viên nang mềm; uống","36 tháng","VD-27721-17","CTCP Dược Hậu Giang","Việt Nam","viên",{"v":1386,"d":"1,386 "},{"v":500,"d":"500.0"},{"v":29000,"d":"29,000 "},{"v":14500000,"d":"14,500,000"},"SX","Nhóm 3"]
["Cộng 10 khoản",{"$nulls":13},{"v":70179300,"d":"70,179,300"},{"$nulls":5},{"v":70179300,"d":"70,179,300"}]
["6. CÔNG TY CỔ PHẦN DƯỢC PHẨM NAM HÀ"]
[1,806,"Scilin N","Insulin tác dụng trung bình, trung gian","400UI/ 10ml","Hộp 01 lọ 10ml, Hỗn dịch tiêm,  Tiêm","36 tháng","QLSP-\n0649-13 (có gia hạn) ","Bioton S.A","Ba Lan","Lọ",{"v":104000,"d":"104,000 "},{"v":104000,"d":"104,000.0"},{"v":850,"d":"850 "},{"v":88400000,"d":"88,400,000"},"NK","Nhóm 1","STT 48/đợt 50, \nngày 09/06/2017"]
[2,805,"Scilin M30 (30/70)","Insulin trộn, hỗn hợp","400UI/ 10ml (30 nhanh/ 70 chậm)","Hộp 01 lọ 10ml, Hỗn dịch tiêm,  Tiêm","36 tháng","QLSP-\n0648-13 (có gia hạn) ","Bioton S.A","Ba Lan","Lọ",{"v":104000,"d":"104,000 "},{"v":104000,"d":"104,000.0"},{"v":550,"d":"550 "},{"v":57200000,"d":"57,200,000"},"NK","Nhóm 1","STT 48/đợt 50, \nngày 09/06/2017"]
["Cộng: 02 mặt hàng",{"$nulls":13},{"v":145600000,"d":"145,600,000 "},{"$nulls":5},145600000]
["7. CÔNG TY CỔ PHẦN DƯỢC PHẨM SAVI"]
[1,481,"SaVi Trimetazidine 35 MR","Trimetazidine dihydrochloride","35mg ","Hộp 3 vỉ x 10 viên nén bao phim giải phóng kéo dài; Uống","36 tháng","VD-11690-10\n(có CV gia hạn SĐK)","Công ty CPDP SaVi","Việt Nam","Viên",{"v":1400,"d":"1,400 "},{"v":765,"d":"765.0"},{"v":45000,"d":"45,000 "},{"v":34425000,"d":"34,425,000"},"SX","Nhóm 2","STT 24/ đợt 38, ngày 01/04/2016"]
["Cộng: 01 mặt hàng",{"$nulls":13},{"v":34425000,"d":"34,425,000"},{"$nulls":5},{"v":34425000,"d":"34,425,000"}]
["8. Công ty TNHH dược phẩm Tân An"]
[1,527,"Telzid 40/12.5","Telmisartan + hydrochlorothiazid","40mg + 12,5mg","Viên nén, vỉ 10 viên, hộp 6 vỉ","36 tháng","VD-23592-15","Công ty CPDP Me Di Sun","Việt Nam","Viên",{"v":3600,"d":"3,600 "},{"v":2394,"d":"2,394.0"},{"v":30000,"d":"30,000 "},{"v":71820000,"d":"71,820,000"},"KD","Nhóm 3"]
[2,990,"Dixirein","Carbocistein","375mg","Viên nang cứng, vỉ 10 viên, hộp 6 vỉ","24 tháng","VD-22874-15","Công ty CPDP Hà Tây","Việt Nam","Viên",{"v":1260,"d":"1,260 "},{"v":924,"d":"924.0"},{"v":3000,"d":"3,000 "},{"v":2772000,"d":"2,772,000"},"KD","Nhóm 3"]
["Cộng: 02 mặt hàng",{"$nulls":13},{"v":74592000,"d":"74,592,000"},{"$nulls":5},74592000]
["9. Công ty Cổ phần Thương mại Dược phẩm - Thiết bị y tế - Hóa chất Hà Nội"]
[1,219,"Azithromycin","Azithromycin","250mg","Kiện 150 Hộp 1 vỉ x 6 viên ","36 \ntháng","VD-15502-11( Cv gia hạn 24853/QLD-ĐK đến 21/12/2017)","Công ty CP dược VTYT Thái Bình","Việt Nam","Viên",{"v":3200,"d":"3,200 "},{"v":1680,"d":"1,680.0"},{"v":900,"d":"900 "},{"v":1512000,"d":"1,512,000"},"KD","Nhóm 3"]
[2,576,"Neurocetam - 400","Piracetam","400mg","Kiện 112 Hộp 10 vỉ x 10 viên","48 tháng","VN-18711-15","Micro Labs Limited","India","Viên",{"v":485,"d":"485 "},{"v":478,"d":"478.0"},{"v":18000,"d":"18,000 "},{"v":8604000,"d":"8,604,000"},"KD","Nhóm 2"]
[3,807,"Indform 500","Metformin","500mg","Hộp 2 vỉ x 14 viên, viên nén bao phim, Uống","36 tháng","VN-10307-10 (CV ra hạn số 11835/QLD-ĐK ngày 10/8/2017)","Ind-Swift","India","Viên",{"v":616,"d":"616 "},{"v":389,"d":"389.0"},{"v":260000,"d":"260,000 "},{"v":101140000,"d":"101,140,000"},"KD","Nhóm 2"]
[4,1050,"Cosyndo B","Vitamin B1 \nVitamin B6 \nVitamin B12 ","175 mg\n175 mg\n125 mcg","Hộp 10 vỉ x 10 viên nén bao phim, uống","36 tháng","VD-17809\n12 (CV ra hạn số 18111/QLD-ĐK ngày 06/11/2017)","Armephaco,","Việt Nam","Viên",{"v":1200,"d":"1,200 "},{"v":1050,"d":"1,050.0"},{"v":50000,"d":"50,000 "},{"v":52500000,"d":"52,500,000"},"KD","Nhóm 3"]
["Cộng: 04 mặt hàng",{"$nulls":13},{"v":163756000,"d":"163,756,000"},{"$nulls":5},{"v":163756000,"d":"163,756,000"}]
["10. Công ty TNHH Một thành viên Dược liệu TW2"]
[1,410,"Vastarel MR Tab 35mg 60's","Trimetazidine dihydrochloride","35mg","Hộp 2 vỉ x 30 viên, viên nén bao phim giải phóng có biến đổi, Uống","36 tháng","VN-17735-14","Les Laboratoires Servier Industrie","Pháp","Viên",{"v":2706,"d":"2,706 "},{"v":2705,"d":"2,705.0"},{"v":15000,"d":"15,000 "},{"v":40575000,"d":"40,575,000"},"KD - Công ty Cổ phần Dược liệu Trung ương 2","Nhóm 1","STT 17, Đợt 40, Ngày 12/05/2016"]
[2,432,"Natrilix SR Tab 1.5mg 3x10's","Indapamide","1,5mg","Hộp 3 vỉ x 10 viên, viên bao phim phóng thích chậm, Đường uống","24 tháng","VN-16509-13","Les Laboratoires Servier Industrie","Pháp","Viên",{"v":3266,"d":"3,266 "},{"v":3265,"d":"3,265.0"},{"v":2000,"d":"2,000 "},{"v":6530000,"d":"6,530,000"},"KD - Công ty Cổ phần Dược liệu Trung ương 2","Nhóm 1","STT 17, Đợt 40, Ngày 12/05/2016"]
[3,"432 + 419","Natrixam 1.5mg/5mg Tab 6x5's","Indapamide; Amlodipin","1.5mg, 5mg","Hộp 6 vỉ x 5 viên, viên nén giải phóng biến đổi, Uống","24 tháng","VN3-7-17","Les Laboratoires Servier Industrie","Pháp","Viên",{"v":4987,"d":"4,987 "},{"v":4987,"d":"4,987.0"},{"v":3000,"d":"3,000 "},{"v":14961000,"d":"14,961,000"},"KD - Công ty Cổ phần Dược liệu Trung ương 2","Nhóm 1","STT 17, Đợt 40, Ngày 12/05/2016"]
[4,444,"Coversyl Tab 5mg 30's","Perindopril Arginine","5 mg","Hộp 1 lọ 30 viên, Viên nén bao phim, Uống","36 tháng","VN-17087-13","Les Laboratoires Servier Industrie","Pháp","Viên",{"v":5650,"d":"5,650 "},{"v":5650,"d":"5,650.0"},{"v":8500,"d":"8,500 "},{"v":48025000,"d":"48,025,000"},"KD - Công ty Cổ phần Dược liệu Trung ương 2","Nhóm 1","STT 17, Đợt 40, Ngày 12/05/2016"]
[5,444,"Coveram 5-5 Tab 5mg/5mg 30's","Perindopril arginine; Amlodipine","5mg; 5mg","Hộp 1 lọ 30 viên, Viên nén, Uống","36 tháng","VN-18635-15","Servier (Ireland) Industries Ltd.","Ailen","Viên",{"v":6590,"d":"6,590 "},{"v":6589,"d":"6,589.0"},{"v":4500,"d":"4,500 "},{"v":29650500,"d":"29,650,500"},"KD - Công ty Cổ phần Dược liệu Trung ương 2","Nhóm 1","STT 31, Đợt 55, Ngày 20/04/2018"]
[6,618,"Daflon (L) Tab 500mg 60's","Diosmin; Hesperidin","450mg; 50mg","Hộp 4 vỉ x 15 viên, Viên nén bao phim, Uống","48 tháng","VN-15519-12","Les Laboratoires Servier Industrie","Pháp","Viên",{"v":3259,"d":"3,259 "},{"v":3258,"d":"3,258.0"},{"v":3000,"d":"3,000 "},{"v":9774000,"d":"9,774,000"},"KD - Công ty Cổ phần Dược liệu Trung ương 2","Nhóm 1","STT 17, Đợt 40, Ngày 12/05/2016"]
[7,803,"Serbutam Inhale 200dose 1's","Salbutamol sulphate, Salbutamol","100mcg","Hộp chứa 1 ống hít 200 đơn vị phân liều, Hỗn dịch dùng để hít, Xịt và Hít","24 tháng","VN-15460-12","Aeropharm GmbH","Đức","Ống",{"v":77124,"d":"77,124 "},{"v":76000,"d":"76,000.0"},{"v":185,"d":"185 "},{"v":14060000,"d":"14,060,000"},"KD - Công ty Cổ phần Dược liệu Trung ương 2","Nhóm 1","STT 31, Đợt 52, Ngày 12/10/2017"]
["Cộng: 07 mặt hàng",{"$nulls":13},{"v":163575500,"d":"163,575,500"},{"$nulls":5},{"v":163575500,"d":"163,575,500"}]
["11. Công ty TNHH Dược phẩm Việt Đức"]
[1,553,"Hafenthyl 145mg","Fenofibrat","145 mg","3 vỉ x 10 viên, viên nén bao phim, uống","36 tháng","VD-25971-16","Công ty TNHH Hasan - Dermapharm","Việt Nam","viên",{"v":3160,"d":"3,160 "},{"v":3150,"d":"3,150.0"},{"v":40000,"d":"40,000 "},{"v":126000000,"d":"126,000,000"},"KD","Nhóm 3"]
[2,671,"Hamigel-S","Magnesi hydroxyd + Nhôm hydroxyd + Simethicon","(800,4mg + 3058,83mg + 80mg)/ 10ml","30 gói x 10ml, hỗn dịch, uống","36 tháng","VD-23994-15","Công ty TNHH liên doanh Hasan-Dermapharm","Việt Nam","gói ",{"v":3500,"d":"3,500 "},{"v":3486,"d":"3,486.0"},{"v":2000,"d":"2,000 "},{"v":6972000,"d":"6,972,000"},"KD","Nhóm 3"]
[3,"718+726","Labavie","Bacillus subtilis + Lactobacillus acidophilus","2,6mg + 0,7mg","30 gói x 1g, thuốc bột, uống","24 tháng","VD-19195-13","Công ty TNHH liên doanh Hasan-Dermapharm","Việt Nam","gói ",{"v":2300,"d":"2,300 "},{"v":1995,"d":"1,995.0"},{"v":4400,"d":"4,400 "},{"v":8778000,"d":"8,778,000"},"KD","Nhóm 3"]
[4,733,"MICEZYM 100","Saccharomyces boulardii","2,26 x 10^9 CFU","30 gói x 1,0 g, thuốc bột, gói nhôm, uống","24 tháng","QLSP-947-16","Công ty TNHH liên doanh Hasan-Dermapharm","Việt Nam","gói",{"v":4700,"d":"4,700 "},{"v":3600,"d":"3,600.0"},{"v":6000,"d":"6,000 "},{"v":21600000,"d":"21,600,000"},"KD","Nhóm 3"]
[5,807,"DH-Metglu XR 1000","Metformin hydrochloride","1000 mg","5 vỉ, 10 vỉ x 10 viên, viên nén phóng thích kéo dài, uống","36 tháng","VD-27507-17","Công ty TNHH Hasan - Dermapharm","Việt Nam","viên",{"v":4000,"d":"4,000 "},{"v":2000,"d":"2,000.0"},{"v":30000,"d":"30,000 "},{"v":60000000,"d":"60,000,000"},"KD","Nhóm 3"]
[6,1010,"Mibezisol 2,5","Natri clorid + Kali Clorid + Natri citrat + Glucose khan + Kẽm","520mg + 300mg +  580mg + 2700mg + 2,5mg","30 gói x 4,130g, thuốc bột, uống","24 tháng","VD-26585-17","Công ty TNHH liên doanh Hasan-Dermapharm","Việt Nam","gói",{"v":2100,"d":"2,100 "},{"v":2100,"d":"2,100.0"},{"v":3200,"d":"3,200 "},{"v":6720000,"d":"6,720,000"},"KD","Nhóm 3"]
[7,1032,"Calcium Hasan 250mg","Calci lactat gluconat + Calci carbonat","1470mg + 150mg","Hộp 1 tuýp 12 viên, viên nén sủi bọt, uống","36 tháng","VD-28536-17","Công ty TNHH Hasan - Dermapharm","Việt Nam","viên",{"v":1800,"d":"1,800 "},{"v":1800,"d":"1,800.0"},{"v":13000,"d":"13,000 "},{"v":23400000,"d":"23,400,000"},"KD","Nhóm 3"]
["Cộng: 07 mặt hàng",{"$nulls":13},{"v":253470000,"d":"253,470,000"},{"$nulls":5},{"v":253470000,"d":"253,470,000"}]
["12. Công ty Cổ Phần Dược Phẩm Việt Hà"]
[1,300,"Neo-Tergynan","Metronidazol + Neomycin sulfate + Nystatin","500mg + 65.000UI + 100.000UI ","Hộp/1 vỉ x 10 viên, viên nén, đặt âm đạo","36 \ntháng","VN-18967-15","Sophartex - Pháp","Pháp","Viên",{"v":11880,"d":"11,880 "},{"v":11000,"d":"11,000.0"},{"v":2500,"d":"2,500 "},{"v":27500000,"d":"27,500,000"},"NK","Nhóm 1"]
["Cộng: 01 mặt hàng",{"$nulls":13},{"v":27500000,"d":"27,500,000"},{"$nulls":5},{"v":27500000,"d":"27,500,000"}]
["13. Công ty TNHH Dược Vietamerican"]
[1,82,"A.T Desloratadin","Desloratadin","2,5 mg/5ml chai 30 ml","Chai 30ml Dung dịch, uống","24 tháng","VD-24131-16","Công ty CP DP An Thiên","Việt Nam","Chai",{"v":35000,"d":"35,000 "},{"v":34500,"d":"34,500.0"},{"v":300,"d":"300 "},{"v":10350000,"d":"10,350,000"},"KD","Nhóm 3"]
[2,155,"Klamentin 250/31.25","Amoxicilin + acid clavulanic","250mg + 31,25mg","Hộp 24 gói x 1g, Thuốc cốm pha hỗn dịch, uống","36 tháng","VD-24615-16","Cty TNHH MTV DP DHG","Việt Nam","Gói",{"v":5500,"d":"5,500 "},{"v":3800,"d":"3,800.0"},{"v":10000,"d":"10,000 "},{"v":38000000,"d":"38,000,000"},"KD","Nhóm 4","Số 1 đợt 13"]
[3,206,"Tobramycin","Tobramycin","0,3%/5ml","Lọ 5ml, Dung dịch nhỏ mắt","24 tháng","VD-22471-15","Cty CPDP Hà Tây","Việt Nam","Lọ",{"v":15000,"d":"15,000 "},{"v":3600,"d":"3,600.0"},{"v":500,"d":"500 "},{"v":1800000,"d":"1,800,000"},"KD","Nhóm 3"]
[4,566,"Taginba","Ginkgo biloba","40mg","Hộp 2 vỉ x 15 Viên nén bao phim, uống","24 tháng","VD-23470-15","Cty CP Dược Hậu Giang","Việt Nam","Viên",{"v":1995,"d":"1,995 "},{"v":410,"d":"410.0"},{"v":100000,"d":"100,000 "},{"v":41000000,"d":"41,000,000"},"KD","Nhóm 3"]
[5,688,"A.T Domperidon","Domperidon","5mg/\n5ml\n","Hộp 20 gói, 30 gói, 50 gói x 5ml Hỗn dịch uống","24 tháng","VD-26743-17","Công ty CP DP An Thiên","Việt Nam","Gói",{"v":2730,"d":"2,730 "},{"v":1990,"d":"1,990.0"},{"v":2500,"d":"2,500 "},{"v":4975000,"d":"4,975,000"},"KD","Nhóm 3"]
[6,988,"A. T Ambroxol","Ambroxol","30mg/5ml","Hộp 30 ống x 5ml.\nDung dịch uống","24 tháng","VD-24125-16","Công ty CP DP An Thiên","Việt Nam","Ống",{"v":6000,"d":"6,000 "},{"v":5400,"d":"5,400.0"},{"v":3000,"d":"3,000 "},{"v":16200000,"d":"16,200,000"},"KD","Nhóm 3"]
["Cộng: 06 mặt hàng",{"$nulls":13},{"v":112325000,"d":"112,325,000 "},{"$nulls":5},112325000]
["14. Công ty TNHH Một thành viên Vimedimex Bình Dương"]
[1,220,"Klacid","Clarithromycin","125mg/ 5ml","Hộp 1 lọ 60 ml, Cốm pha hỗn dịch uống, Uống","24 tháng","VN-16101-13 (Có CV gia hạn hiệu lực SĐK)","PT. Abbott Indonesia","Indonesia","Lọ",{"v":106234,"d":"106,234 "},{"v":103140,"d":"103,140.0"},{"v":300,"d":"300 "},{"v":30942000,"d":"30,942,000"},"NK","Nhóm 2","STT 57, Đợt 50, ngày 09/06/2017"]
[2,553,"Lipanthyl 200M","Fenofibrate","200mg","Hộp 2 vỉ x 15 viên, Viên nang cứng, Uống","36 tháng","VN-17205-13","Recipharm Fontaine","Pháp","Viên",{"v":7053,"d":"7,053 "},{"v":7053,"d":"7,053.0"},{"v":30000,"d":"30,000 "},{"v":211590000,"d":"211,590,000"},"NK","Nhóm 1","STT 14, Đợt 52, ngày 12/10/2017"]
["Cộng: 02 mặt hàng",{"$nulls":13},{"v":242532000,"d":"242,532,000"},{"$nulls":5},242532000]
["15.  Công ty TNHH dược phẩm Xuân Hòa"]
[1,1,"Atropin sulfat","Atropin sulfat","0,25mg/1ml","Hộp 100 ống, Dung dịch, tiêm","36 tháng","VD-24376-16","Công ty CP Dược VTYT Hải Dương","Việt Nam","Ống",{"v":800,"d":"800 "},{"v":525,"d":"525.0"},{"v":400,"d":"400 "},{"v":210000,"d":"210,000"},"KD","Nhóm 3"]
[2,30,"Diclofenac","Diclofenac","50mg","Hộp 50vỉ x 10viên, Viên nén, uống","24 tháng ","VD-28946-18","Công ty CP Dược phẩm Hà Nội","Việt Nam","Viên",{"v":300,"d":"300 "},{"v":95,"d":"95.0"},{"v":7000,"d":"7,000 "},{"v":665000,"d":"665,000"},"KD","Nhóm 3"]
[3,80,"Alstuzon","Cinnarizin","25mg","Hộp 100vỉ x 25viên, Viên nén, uống","36 tháng","VD-26589-17","Công ty TNHH MTV 120 Armephaco","Việt Nam","Viên",{"v":120,"d":"120 "},{"v":52,"d":"52.0"},{"v":11000,"d":"11,000 "},{"v":572000,"d":"572,000"},"KD","Nhóm 3"]
[4,208,"Cloramphenicol 0,4%","Cloramphenicol","0,4%/8ml","Hộp 50 lọ, Dung dịch, nhỏ mắt","24 tháng ","VD-29742-18","Công ty CP Dược phẩm Hà Nội","Việt Nam","Lọ",{"v":1040,"d":"1,040 "},{"v":1040,"d":"1,040.0"},{"v":1000,"d":"1,000 "},{"v":1040000,"d":"1,040,000"},"KD","Nhóm 3"]
[5,260,"Kem Zonaarme","Aciclovir","250mg/5g","Hộp 1 tuýp 5g, Thuốc mỡ, dùng ngoài","24 tháng ","VD-18176-13 (công văn gia hạn số 2637/QLD-ĐK ngày 06/02/2018)","Công ty TNHH MTV 120 Armephaco","Việt Nam","Tuýp",{"v":11000,"d":"11,000 "},{"v":4500,"d":"4,500.0"},{"v":200,"d":"200 "},{"v":900000,"d":"900,000"},"KD","Nhóm 3"]
[6,658,"Natri clorid 0,9%","Natri clorid","0,9%/500ml","Chai 500ml, Dung dịch, dùng ngoài","24 tháng ","VD-20311-13","Công ty CP Hóa Dược Việt Nam","Việt Nam","Chai",{"v":9000,"d":"9,000 "},{"v":6600,"d":"6,600.0"},{"v":1000,"d":"1,000 "},{"v":6600000,"d":"6,600,000"},"KD","Nhóm 3"]
[7,760,"Genpharmason","Betamethason dipropionat        Clotrimazol       Gentamicin","6,4mg          100mg         10mg /10g","Hộp 1 tuýp 10g, Thuốc mỡ, dùng ngoài","24 tháng ","VD-16741-12 (công văn gia hạn số 10775/QLD-ĐK ngày 26/7/2017)","Công ty TNHH MTV 120 Armephaco","Việt Nam","Tuýp",{"v":5000,"d":"5,000 "},{"v":3900,"d":"3,900.0"},{"v":500,"d":"500 "},{"v":1950000,"d":"1,950,000"},"KD","Nhóm 3"]
[8,883,"Natri clorid 0,9%","Natri clorid","0,9%/10ml","Hộp 1 lọ, Thuốc nhỏ mắt","36 tháng","VD-29295-18","Công ty CP Dược VTYT Hải Dương","Việt Nam","Lọ",{"v":3000,"d":"3,000 "},{"v":1200,"d":"1,200.0"},{"v":10000,"d":"10,000 "},{"v":12000000,"d":"12,000,000"},"KD","Nhóm 3"]
[9,1051,"Vitamin B2","Vitamin B2","2mg","Lọ 100 viên, Viên nén, uống","24 tháng ","VD-20931-14","Công ty CP Dược VTYT Nghệ An","Việt Nam","Viên",{"v":55,"d":"55 "},{"v":24.15,"d":"24.2"},{"v":26000,"d":"26,000 "},{"v":627900,"d":"627,900"},"KD","Nhóm 3"]
[10,1054,"Vitamin B6","Vitamin B6","25mg","Lọ 100 viên, Viên nén, uống","24 tháng ","VD-20932-14","Công ty CP Dược VTYT Nghệ An","Việt Nam","Viên",{"v":80,"d":"80 "},{"v":53,"d":"53.0"},{"v":60000,"d":"60,000 "},{"v":3180000,"d":"3,180,000"},"KD","Nhóm 3"]
[11,1058,"Rutin-C","Vitamin C          Rutin","50mg          50mg","Hộp 10vỉ x 10viên, Viên nén, uống","36 tháng","VD-27555-17","Công ty TNHH MTV 120 Armephaco","Việt Nam","Viên",{"v":355,"d":"355 "},184.8,{"v":40000,"d":"40,000 "},{"v":7392000,"d":"7,392,000"},"KD","Nhóm 3"]
[12,1064,"Vitamin PP","Vitamin PP","50mg","Hộp 10vỉ x 30viên, Viên nén, uống","36 tháng","VD-27556-17","Công ty TNHH MTV 120 Armephaco","Việt Nam","Viên",{"v":190,"d":"190 "},{"v":66,"d":"66.0"},{"v":20000,"d":"20,000 "},{"v":1320000,"d":"1,320,000"},"KD","Nhóm 3"]
["Cộng: 12 mặt hàng",{"$nulls":13},{"v":36456900,"d":"36,456,900"},{"$nulls":5},36456900]
["Tổng cộng 73 mặt hàng:",{"$nulls":13},{"v":1802775750,"d":"1,802,775,750"}]
[{"$nulls":6},"( Một tỷ tám trăm linh hai triệu bảy trăm bảy mươi lăm nghìn bảy trăm lăm mươi đồng)"]